[Event "ENCI Limburg-open A"]
[Site "Maastricht"]
[Date "2008.05.11"]
[Round "5"]
[White "Voss, Her"]
[Black "Van Kerkhof, David"]
[Result "0-1"]
[WhiteElo "2046"]
[BlackElo "2226"]
[PlyCount "110"]
[EventDate "2008.05.09"]
[EventType "swiss"]
[EventRounds "7"]
[EventCountry "NED"]
[Source "P.Boonen"]
[SourceDate "2010.01.01"]

1. e4 c5 2. Nf3 Nc6 3. d4 cxd4 4. Nxd4 Nf6 5. Nc3 e5 6. Ndb5 d6 7. Bg5 a6 8.
Na3 b5 9. Bxf6 gxf6 10. Nd5 Bg7 11. Bd3 Ne7 12. Nxe7 Qxe7 13. c3 f5 14. exf5 d5
15. Nc2 O-O 16. O-O Bb7 17. Re1 Kh8 18. a4 Qc5 19. axb5 axb5 20. Rxa8 Bxa8 21.
Qh5 f6 22. Re3 Bc6 23. Rh3 h6 24. Qg6 Be8 25. Qg4 Rg8 26. Qb4 Qa7 27. Ne3 Bf8
28. Qh4 Qa1+ 29. Bf1 Rg5 30. Rg3 b4 31. Nxd5 bxc3 32. bxc3 Bh5 33. Qc4 Kg7 34.
Rxg5+ hxg5 35. g4 Bf7 36. Qc7 Qd1 37. Ne3 Qd6 38. Qb7 Kg8 39. c4 Qd4 40. Qc6
Kg7 41. h3 Bc5 42. Qf3 Qc3 43. Kg2 Bd4 44. Nd5 Qa5 45. Bd3 Be8 46. Ne3 Qc5 47.
Nd5 Bc6 48. Kg3 Qa3 49. Be4 Qc1 50. Ne3 Bxe3 51. Bxc6 Qg1+ 52. Qg2 Bf4+ 53. Kf3
Qd1+ 54. Ke4 Qd4+ 55. Kf3 Qd3# 0-1

[Event "ENCI Limburg-open A"]
[Site "Maastricht"]
[Date "2008.05.11"]
[Round "5"]
[White "Wang, Puchen"]
[Black "Smits, Sebastiaan"]
[Result "1-0"]
[WhiteElo "2397"]
[BlackElo "2122"]
[PlyCount "87"]
[EventDate "2008.05.09"]
[EventType "swiss"]
[EventRounds "7"]
[EventCountry "NED"]
[Source "P.Boonen"]
[SourceDate "2010.01.01"]

1. d4 Nf6 2. c4 g6 3. Nc3 Bg7 4. e4 O-O 5. Nge2 d6 6. Ng3 c5 7. d5 e6 8. Be2
exd5 9. exd5 Re8 10. Bf4 a6 11. O-O Qc7 12. h3 Nbd7 13. Qd2 Nf8 14. Rae1 Bd7
15. Bd3 Rad8 16. Bg5 h5 17. Nce4 N8h7 18. Nxf6+ Nxf6 19. f4 Rxe1 20. Rxe1 Re8
21. f5 Nh7 22. fxg6 Rxe1+ 23. Qxe1 Nxg5 24. Qe7 h4 25. Nh5 Bd4+ 26. Kf1 fxg6
27. Qxg5 Be8 28. Bxg6 Bxg6 29. Qxg6+ Kf8 30. Nf4 Qf7 31. Qxd6+ Kg7 32. Ke2 Kh7
33. Kf3 Qe8 34. Qe6 Qa4 35. Qf5+ Kg8 36. Qc8+ Kh7 37. Qxb7+ Kg8 38. Qb8+ Kh7
39. Qb3 Qe8 40. Qd3+ Kh6 41. Qe2 Qa4 42. Qd3 Kg7 43. Ne6+ Kf7 44. Qh7+ 1-0

[Event "ENCI Limburg-open A"]
[Site "Maastricht"]
[Date "2008.05.11"]
[Round "5"]
[White "Wlogalski, Olivier"]
[Black "Coenen, Bert"]
[Result "1/2-1/2"]
[WhiteElo "1948"]
[BlackElo "1830"]
[PlyCount "71"]
[EventDate "2008.05.09"]
[EventType "swiss"]
[EventRounds "7"]
[EventCountry "NED"]
[Source "P.Boonen"]
[SourceDate "2010.01.01"]

1. b3 d5 2. Bb2 Nf6 3. e3 Bf5 4. f4 e6 5. Nf3 Be7 6. Nc3 h6 7. Ne2 c5 8. Ng3
Bh7 9. Bd3 Bxd3 10. cxd3 Nc6 11. a3 Qd6 12. Ne5 d4 13. Nxc6 Qxc6 14. e4 O-O 15.
O-O Rad8 16. Rc1 Qd7 17. Rf3 a5 18. a4 b6 19. Ba3 Qb7 20. Nf1 Kh7 21. Rh3 Rg8
22. e5 Nd5 23. Qf3 Qd7 24. Ng3 Rc8 25. f5 Bf8 26. Rf1 exf5 27. Nxf5 Rc7 28. Qe4
Kh8 29. Rff3 Qe6 30. Rfg3 Ne7 31. Rf3 Nxf5 32. Rxf5 Qxb3 33. Bc1 Qxa4 34. Re3
Qd7 35. e6 fxe6 36. Rxf8 1/2-1/2

[Event "ENCI Limburg-open A"]
[Site "Maastricht"]
[Date "2008.05.11"]
[Round "5"]
[White "Ypma, Peter"]
[Black "Sadallah, Osama"]
[Result "1/2-1/2"]
[WhiteElo "1992"]
[BlackElo "2149"]
[PlyCount "63"]
[EventDate "2008.05.09"]
[EventType "swiss"]
[EventRounds "7"]
[EventCountry "NED"]
[Source "P.Boonen"]
[SourceDate "2010.01.01"]

1. e4 c5 2. c3 g6 3. d4 cxd4 4. cxd4 d5 5. exd5 Nf6 6. Nc3 Nxd5 7. Nf3 Bg7 8.
Bb5+ Nc6 9. Ne5 Nxc3 10. Nxc6 Nxd1 11. Nxd8+ Kxd8 12. Kxd1 Bxd4 13. Ke2 Kc7 14.
Rd1 e5 15. Rb1 Be6 16. b3 Bd5 17. Be3 Bxg2 18. Bxd4 exd4 19. Rxd4 Rad8 20. Rbd1
Rxd4 21. Rxd4 a6 22. Bc4 Re8+ 23. Kd2 Re7 24. a4 Bc6 25. h4 b5 26. axb5 axb5
27. Bd3 h5 28. b4 Rd7 29. Rf4 Re7 30. Rd4 Kb6 31. Rd6 Kc7 32. Rd4 1/2-1/2

[Event "ENCI Limburg-open A"]
[Site "Maastricht"]
[Date "2008.05.12"]
[Round "6"]
[White "Admiraal, Miguoel"]
[Black "Beukema, Stefan"]
[Result "1-0"]
[WhiteElo "1908"]
[BlackElo "1962"]
[PlyCount "57"]
[EventDate "2008.05.09"]
[EventType "swiss"]
[EventRounds "7"]
[EventCountry "NED"]
[Source "P.Boonen"]
[SourceDate "2010.01.01"]

1. e4 e5 2. Nf3 Nc6 3. Bb5 f5 4. exf5 e4 5. Qe2 Qe7 6. Bxc6 dxc6 7. Nd4 Nf6 8.
Nc3 c5 9. Ne6 Bxe6 10. fxe6 O-O-O 11. O-O Qxe6 12. d3 Re8 13. Re1 Bd6 14. dxe4
Ng4 15. f4 Kb8 16. f5 Qe5 17. Qxg4 Qxh2+ 18. Kf2 g6 19. Qh3 Qe5 20. Bd2 Rhf8
21. Kg1 g5 22. Nb5 g4 23. Qh6 Be7 24. Bf4 Qh8 25. Nxc7 Qd4+ 26. Kh1 Qd7 27.
Nxe8+ Ka8 28. Nc7+ Kb8 29. Ne6+ 1-0

[Event "ENCI Limburg-open A"]
[Site "Maastricht"]
[Date "2008.05.12"]
[Round "6"]
[White "Akstinat, Sven Holger"]
[Black "Voss, Her"]
[Result "0-1"]
[WhiteElo "2179"]
[BlackElo "2046"]
[PlyCount "94"]
[EventDate "2008.05.09"]
[EventType "swiss"]
[EventRounds "7"]
[EventCountry "NED"]
[Source "P.Boonen"]
[SourceDate "2010.01.01"]

1. e4 c5 2. c3 d5 3. exd5 Qxd5 4. d4 Nf6 5. Nf3 Bg4 6. dxc5 Qxc5 7. Na3 a6 8.
Be3 Qc7 9. h3 Bh5 10. Qa4+ Nbd7 11. O-O-O e6 12. Bf4 Qc5 13. Be3 Qc7 14. Bb5
Rc8 15. Bxd7+ Nxd7 16. Bf4 Qc6 17. Qxc6 Rxc6 18. Nc2 Bxf3 19. gxf3 Bc5 20. Rhg1
e5 21. Be3 Bxe3+ 22. fxe3 Rg6 23. h4 Ke7 24. h5 Rxg1 25. Rxg1 g6 26. hxg6 hxg6
27. Rg2 Rh1+ 28. Kd2 Nb6 29. b3 Rb1 30. c4 a5 31. Kc3 Rf1 32. Rg3 Rf2 33. a3
Kd6 34. Ne1 Nd7 35. Nc2 Nc5 36. b4 axb4+ 37. axb4 Ne6 38. Ne1 Re2 39. Nc2 Rf2
40. Kd3 b6 41. Na3 Nc7 42. Nc2 Ne6 43. Na3 Nc7 44. c5+ bxc5 45. Nc4+ Ke6 46.
bxc5 Nd5 47. e4 Nf4+ 0-1

[Event "ENCI Limburg-open A"]
[Site "Maastricht"]
[Date "2008.05.12"]
[Round "6"]
[White "Andriulevicius, Orestas"]
[Black "Wlogalski, Olivier"]
[Result "1-0"]
[WhiteElo "1903"]
[BlackElo "1948"]
[PlyCount "97"]
[EventDate "2008.05.09"]
[EventType "swiss"]
[EventRounds "7"]
[EventCountry "NED"]
[Source "P.Boonen"]
[SourceDate "2010.01.01"]

1. e4 b6 2. d4 Bb7 3. Nc3 e6 4. a3 g6 5. Be3 Bg7 6. Nge2 d6 7. Ng3 Nd7 8. Be2
Ne7 9. Qd2 Nf6 10. Bh6 O-O 11. Bxg7 Kxg7 12. h4 h5 13. Qg5 Neg8 14. e5 Nh7 15.
Nxh5+ Kh8 16. Qxd8 Raxd8 17. Nf4 dxe5 18. dxe5 Rd4 19. Nd3 Bxg2 20. Rg1 Bc6 21.
h5 Ne7 22. O-O-O Rfd8 23. hxg6 Nxg6 24. Bh5 Nhf8 25. Rg3 R8d7 26. Rdg1 Rh4 27.
Bxg6 Nxg6 28. Ne2 Be4 29. f4 Rh2 30. Nc3 Bf5 31. Nd1 c5 32. Ne3 Bxd3 33. cxd3
Rxd3 34. f5 Ne7 35. fxe6 fxe6 36. Rg7 Rh7 37. Rxh7+ Kxh7 38. Ng4 Ng6 39. Nf6+
Kg7 40. Nh5+ Kh6 41. Rxg6+ Kxh5 42. Rxe6 Kg5 43. Re7 Kf5 44. Kc2 Re3 45. Rxa7
Rxe5 46. Rb7 Re6 47. Kc3 Ke5 48. Kc4 Rd6 49. Kb5 1-0

[Event "ENCI Limburg-open A"]
[Site "Maastricht"]
[Date "2008.05.12"]
[Round "6"]
[White "Beeke, Bobby"]
[Black "Burg, Brent"]
[Result "1-0"]
[WhiteElo "2188"]
[BlackElo "2042"]
[PlyCount "103"]
[EventDate "2008.05.09"]
[EventType "swiss"]
[EventRounds "7"]
[EventCountry "NED"]
[Source "P.Boonen"]
[SourceDate "2010.01.01"]

1. d4 d6 2. Nf3 f5 3. Nc3 Nf6 4. Bg5 Nbd7 5. Qd3 g6 6. e4 fxe4 7. Nxe4 Bg7 8.
O-O-O Nxe4 9. Qxe4 Nf6 10. Bxf6 Bxf6 11. h4 c6 12. Bd3 Qa5 13. Kb1 Bf5 14. Qe3
O-O-O 15. Bxf5+ Qxf5 16. Ng5 Rde8 17. Ne6 h6 18. f3 Kd7 19. Rhe1 Bxh4 20. Re2
Bf6 21. d5 Qe5 22. Qb3 Qxb2+ 23. Qxb2 Bxb2 24. Kxb2 cxd5 25. Rxd5 Rh7 26. Rd3
Rf7 27. Rb3 b6 28. Ra3 a5 29. Rc3 Rc8 30. Rxc8 Kxc8 31. Kb3 Kd7 32. Kc4 Rf6 33.
Nd4 e5 34. Nb5 Kc6 35. a4 g5 36. Kd3 h5 37. Re4 Rg6 38. Rc4+ Kd7 39. Ke4 g4 40.
Kf5 gxf3 41. gxf3 Rg3 42. Rc7+ Kd8 43. Rh7 Rxf3+ 44. Ke6 Kc8 45. Kxd6 Rf6+ 46.
Kxe5 Rf2 47. c3 Kb8 48. Rxh5 Ra2 49. Rh8+ Kb7 50. Rh7+ Kb8 51. Kd6 Rxa4 52. Nd4
1-0

[Event "ENCI Limburg-open A"]
[Site "Maastricht"]
[Date "2008.05.12"]
[Round "6"]
[White "Bijlsma, Nick"]
[Black "Ringoir, Guy"]
[Result "1-0"]
[WhiteElo "1869"]
[BlackElo "1941"]
[PlyCount "33"]
[EventDate "2008.05.09"]
[EventType "swiss"]
[EventRounds "7"]
[EventCountry "NED"]
[Source "P.Boonen"]
[SourceDate "2010.01.01"]

1. e4 c5 2. Nf3 Nc6 3. Bb5 Qb6 4. Nc3 e6 5. Bxc6 Qxc6 6. O-O g6 7. d4 Bg7 8. d5
Qb6 9. e5 exd5 10. Nxd5 Qc6 11. Bg5 h6 12. Bh4 g5 13. Bg3 Ne7 14. c4 Nf5 15.
Qd3 Nxg3 16. fxg3 O-O 17. Ne7+ 1-0

[Event "ENCI Limburg-open A"]
[Site "Maastricht"]
[Date "2008.05.12"]
[Round "6"]
[White "Braun, Christian1"]
[Black "Van Oosterom, Chiel"]
[Result "0-1"]
[WhiteElo "2322"]
[BlackElo "2399"]
[PlyCount "62"]
[EventDate "2008.05.09"]
[EventType "swiss"]
[EventRounds "7"]
[EventCountry "NED"]
[Source "P.Boonen"]
[SourceDate "2010.01.01"]

1. e4 c5 2. Nf3 d6 3. g3 Nc6 4. Bg2 g6 5. O-O Bg7 6. c3 e5 7. Na3 Nge7 8. d3
O-O 9. Nc4 b5 10. Ne3 h6 11. a4 b4 12. Nd2 Be6 13. Nd5 Rb8 14. Nc4 f5 15. Bd2
Bf7 16. Qe2 Nxd5 17. exd5 bxc3 18. bxc3 Ne7 19. f4 exf4 20. Bxf4 Nxd5 21. Bxd6
Nxc3 22. Qe7 Re8 23. Qxa7 Bxc4 24. Qxb8 Qxb8 25. Bxb8 Bxd3 26. Bf4 g5 27. Bc7
Ne2+ 28. Kh1 Bxa1 29. Rxa1 c4 30. Bd5+ Kh7 31. Ba5 Re5 0-1

[Event "ENCI Limburg-open A"]
[Site "Maastricht"]
[Date "2008.05.12"]
[Round "6"]
[White "Broekmeulen, Jasper"]
[Black "Edeling, Jeroen"]
[Result "1-0"]
[WhiteElo "2322"]
[BlackElo "2133"]
[PlyCount "33"]
[EventDate "2008.05.09"]
[EventType "swiss"]
[EventRounds "7"]
[EventCountry "NED"]
[Source "P.Boonen"]
[SourceDate "2010.01.01"]

1. d4 g6 2. e4 Bg7 3. Nc3 d6 4. Nf3 Nf6 5. Be2 O-O 6. O-O Bg4 7. e5 Nfd7 8.
exd6 cxd6 9. h3 Bxf3 10. Bxf3 Nc6 11. Be3 Nb6 12. Qd3 Rc8 13. Rad1 Qc7 14. Nb5
Qb8 15. c3 Na5 16. Na3 Na4 17. Qb5 1-0

[Event "ENCI Limburg-open A"]
[Site "Maastricht"]
[Date "2008.05.12"]
[Round "6"]
[White "Coenen, Bert"]
[Black "Klein, Leo"]
[Result "0-1"]
[WhiteElo "1830"]
[BlackElo "2081"]
[PlyCount "97"]
[EventDate "2008.05.09"]
[EventType "swiss"]
[EventRounds "7"]
[EventCountry "NED"]
[Source "P.Boonen"]
[SourceDate "2010.01.01"]

1. d4 d5 2. Bg5 c6 3. e3 Nd7 4. Nf3 Ngf6 5. Nbd2 Qa5 6. c3 Ne4 7. Bf4 Ndf6 8.
Qc2 Bf5 9. Bd3 Bg6 10. Ne5 e6 11. Nxg6 hxg6 12. Nxe4 dxe4 13. Bxe4 Nxe4 14.
Qxe4 Qb5 15. Qc2 Be7 16. a4 Qd5 17. e4 Qd8 18. h3 Bd6 19. Bxd6 Qxd6 20. Qd2 Rh4
21. f3 Qg3+ 22. Qf2 Qg5 23. Rd1 Rd8 24. g3 Rh8 25. f4 Qa5 26. Qc2 Kf8 27. b4
Qc7 28. Qf2 a5 29. h4 axb4 30. cxb4 Ra8 31. Ra1 Qd6 32. O-O Qxb4 33. Rfb1 Qc3
34. Rc1 Qd3 35. e5 Ra5 36. Rcb1 Qa6 37. Qb2 Qd3 38. Qf2 Rxa4 39. Rxa4 Qxb1+ 40.
Kh2 Kg8 41. Qd2 Kh7 42. Rb4 Qe4 43. Rxb7 Ra8 44. Qg2 Qxd4 45. Qxc6 Ra2+ 46. Kh3
Qg1 47. Qf3 Rf2 48. Qd3 Qh1+ 49. Kg4 0-1

[Event "ENCI Limburg-open A"]
[Site "Maastricht"]
[Date "2008.05.12"]
[Round "6"]
[White "Dalemans, Diana"]
[Black "Skrijelj, Redzep"]
[Result "0-1"]
[WhiteElo "1799"]
[BlackElo "2006"]
[PlyCount "87"]
[EventDate "2008.05.09"]
[EventType "swiss"]
[EventRounds "7"]
[EventCountry "NED"]
[Source "P.Boonen"]
[SourceDate "2010.01.01"]

1. e4 c5 2. Nf3 d6 3. d4 cxd4 4. Nxd4 Nf6 5. Nc3 a6 6. Be3 e6 7. Be2 Be7 8. O-O
Nbd7 9. Nb3 b5 10. a3 Bb7 11. f3 O-O 12. Qe1 d5 13. exd5 Nxd5 14. Nxd5 Bxd5 15.
Qg3 Bh4 16. Qf4 Bf6 17. Rab1 Ne5 18. Bd4 Bxb3 19. Bxe5 Bxe5 20. Qxe5 Bxc2 21.
Rbc1 Rc8 22. Bd1 Qb6+ 23. Kh1 Bd3 24. Rxc8 Rxc8 25. Re1 Qf2 26. Rg1 h6 27. Bb3
Bf1 28. Qg3 Qxb2 29. Bxe6 Bxg2+ 30. Rxg2 Rc1+ 31. Rg1 Rxg1+ 32. Kxg1 fxe6 33.
Qg6 Qc1+ 34. Kg2 Qg5+ 35. Qxg5 hxg5 36. Kf2 Kf7 37. Ke3 a5 38. Kd4 Kf6 39. Kc5
b4 40. axb4 axb4 41. Kxb4 Kf5 42. Kc5 g4 43. fxg4+ Kxg4 44. Kd4 0-1

[Event "ENCI Limburg-open A"]
[Site "Maastricht"]
[Date "2008.05.12"]
[Round "6"]
[White "Dambacher, Martijn"]
[Black "Bok, Benjamin"]
[Result "1-0"]
[WhiteElo "2470"]
[BlackElo "2180"]
[PlyCount "89"]
[EventDate "2008.05.09"]
[EventType "swiss"]
[EventRounds "7"]
[EventCountry "NED"]
[Source "P.Boonen"]
[SourceDate "2010.01.01"]

1. d4 Nf6 2. c4 g6 3. f3 d5 4. cxd5 Nxd5 5. e4 Nb6 6. Nc3 Bg7 7. Be3 O-O 8. Qd2
Nc6 9. O-O-O Na5 10. b3 Nc6 11. f4 a5 12. d5 Nb4 13. Bd4 e6 14. Bxg7 Kxg7 15.
d6 cxd6 16. Qxd6 Qf6 17. Nge2 Nxa2+ 18. Kb2 Nxc3 19. Nxc3 Nd7 20. Bb5 Nb8 21.
Rd4 Nc6 22. e5 Qh4 23. Bxc6 bxc6 24. g3 Qh3 25. Rd2 Ba6 26. Qe7 Qf5 27. Rd4
Rfb8 28. Ne4 Rb7 29. Qf6+ Qxf6 30. exf6+ Kh6 31. Nd6 Rc7 32. Ra1 Be2 33. Re1
Bf3 34. Re5 c5 35. Rd3 Bg4 36. Rg5 Bf5 37. Re3 e5 38. Rxe5 Ra6 39. Rxc5 Rd7 40.
Nxf5+ gxf5 41. Rcxf5 Rd2+ 42. Ka3 a4 43. Rh5+ Kg6 44. Rfg5+ Kxf6 45. Rh6+ 1-0

[Event "ENCI Limburg-open A"]
[Site "Maastricht"]
[Date "2008.05.12"]
[Round "6"]
[White "De Freytas, Paul"]
[Black "Beijerinck, Nick"]
[Result "0-1"]
[WhiteElo "1929"]
[BlackElo "2023"]
[PlyCount "80"]
[EventDate "2008.05.09"]
[EventType "swiss"]
[EventRounds "7"]
[EventCountry "NED"]
[Source "P.Boonen"]
[SourceDate "2010.01.01"]

1. g3 Nf6 2. Bg2 d5 3. Nf3 c5 4. O-O Nc6 5. d4 cxd4 6. Nxd4 e5 7. Nxc6 bxc6 8.
c4 Be6 9. cxd5 cxd5 10. Bg5 Rb8 11. Bxf6 gxf6 12. Qa4+ Qd7 13. Qxd7+ Kxd7 14.
b3 Bb4 15. a3 Bc5 16. b4 Bd4 17. Ra2 Rhc8 18. Rd2 Ke7 19. e3 Bc3 20. Rd3 d4 21.
Nxc3 Rxc3 22. Rfd1 Rxd3 23. Rxd3 Rc8 24. Rd1 Bb3 25. Rb1 Bc2 26. Ra1 d3 27. Bh3
Rc6 28. Bg4 d2 29. Kg2 Be4+ 30. Kh3 Rc1 31. Ra2 d1=Q 32. Bxd1 Rxd1 33. Kg4 Ke6
34. a4 h5+ 35. Kh3 Rg1 36. f4 exf4 37. exf4 h4 38. Kxh4 Kf5 39. Rb2 Rd1 40. b5
Rd8 0-1

[Event "ENCI Limburg-open A"]
[Site "Maastricht"]
[Date "2008.05.12"]
[Round "6"]
[White "De Reymaekers, Walter"]
[Black "Boulan, Laura"]
[Result "1-0"]
[WhiteElo "2053"]
[BlackElo "1921"]
[PlyCount "123"]
[EventDate "2008.05.09"]
[EventType "swiss"]
[EventRounds "7"]
[EventCountry "NED"]
[Source "P.Boonen"]
[SourceDate "2010.01.01"]

1. e4 d6 2. d4 e5 3. Nf3 exd4 4. Nxd4 Nf6 5. Nc3 Be7 6. g3 O-O 7. Bg2 Re8 8. h3
Bf8 9. O-O c6 10. Bg5 Nbd7 11. Qd2 Qc7 12. Rad1 h6 13. Bf4 Ne5 14. b3 Bd7 15.
Be3 Rad8 16. f4 Ng6 17. Qf2 Bc8 18. Kh1 b5 19. b4 Nd7 20. e5 d5 21. a3 Nb6 22.
Nb3 Nc4 23. Bxa7 Bf5 24. Na5 Ra8 25. Nxc4 Qxa7 26. Na5 Bd7 27. Qxa7 Rxa7 28.
Ne2 Be7 29. Ra1 f6 30. e6 Bxe6 31. Nxc6 Rc7 32. Ned4 Bf7 33. Rfe1 Kf8 34. Kg1
Rec8 35. Nxe7 Rxe7 36. Rxe7 Nxe7 37. Bf1 Rc3 38. Bd3 Be8 39. Kf2 Bd7 40. g4 Nc8
41. Ke2 Nd6 42. Kd2 Rc8 43. Nb3 Nb7 44. Ke3 Ke7 45. Kd2 Kf7 46. Be2 Ke7 47. Rd1
Ra8 48. Bf3 Rxa3 49. Bxd5 Nd6 50. Kd3 Ra7 51. Nc5 Bc8 52. Re1+ Kf8 53. f5 Ra3+
54. c3 Ra7 55. Be6 Bxe6 56. Rxe6 Rc7 57. Kd4 Nc4 58. Kd5 Na3 59. Rc6 Ra7 60.
Ke6 Re7+ 61. Kd6 Re8 62. Rc7 1-0

[Event "ENCI Limburg-open A"]
[Site "Maastricht"]
[Date "2008.05.12"]
[Round "6"]
[White "Dek, Lennart"]
[Black "Hamblok, Roel"]
[Result "1-0"]
[WhiteElo "2191"]
[BlackElo "2088"]
[PlyCount "80"]
[EventDate "2008.05.09"]
[EventType "swiss"]
[EventRounds "7"]
[EventCountry "NED"]
[Source "P.Boonen"]
[SourceDate "2010.01.01"]

1. e4 c6 2. d4 d5 3. exd5 cxd5 4. Bd3 Nc6 5. c3 Qc7 6. h3 g6 7. Ne2 Bf5 8. Bxf5
gxf5 9. Bf4 Qd7 10. Nd2 e6 11. Nf3 Bd6 12. Bg5 Be7 13. Qc1 Bxg5 14. Qxg5 Qe7
15. Qxe7+ Kxe7 16. Nd2 Nf6 17. f3 Na5 18. Nf4 Rac8 19. g4 fxg4 20. hxg4 Rcg8
21. Kf2 h5 22. Nxh5 Nxh5 23. Rxh5 Rxh5 24. gxh5 Rh8 25. Rh1 Kf6 26. f4 Kf5 27.
Kf3 b6 28. Rh2 Rh7 29. Nf1 Nc4 30. b3 Nd6 31. Ne3+ Kf6 32. c4 dxc4 33. bxc4 Nf5
34. Nxf5 Kxf5 35. c5 bxc5 36. dxc5 e5 37. c6 f6 38. fxe5 fxe5 39. h6 Ke6 40.
Rc2 e4+ 1-0

[Event "ENCI Limburg-open A"]
[Site "Maastricht"]
[Date "2008.05.12"]
[Round "6"]
[White "Dirksen, Marieke"]
[Black "Kamps, Sjaak"]
[Result "1/2-1/2"]
[WhiteElo "1873"]
[BlackElo "2089"]
[PlyCount "95"]
[EventDate "2008.05.09"]
[EventType "swiss"]
[EventRounds "7"]
[EventCountry "NED"]
[Source "P.Boonen"]
[SourceDate "2010.01.01"]

1. e4 e5 2. Nf3 d6 3. Bc4 Nf6 4. Nc3 Be7 5. h3 O-O 6. d4 exd4 7. Nxd4 Re8 8.
O-O Bf8 9. Re1 c6 10. Bg5 Nbd7 11. f4 b5 12. Bb3 b4 13. Na4 Qc7 14. Qd3 d5 15.
e5 Ne4 16. Rxe4 dxe4 17. Bxf7+ Kxf7 18. Qc4+ Kg6 19. Ne6 Rxe6 20. Qxe6+ Nf6 21.
Qc4 Nd5 22. g4 a5 23. Qxe4+ Kf7 24. Qxh7 Qa7+ 25. Kg2 Qe3 26. Qd3 Ba6 27. Qxe3
Nxe3+ 28. Kf3 Nxc2 29. Rd1 c5 30. Rd7+ Ke8 31. Rc7 Nd4+ 32. Ke3 Ne6 33. Rc6
Nxg5 34. Nb6 Bb5 35. Rg6 Rd8 36. Rxg5 Rd3+ 37. Ke4 Rxh3 38. Kd5 Rd3+ 39. Ke6
Bd7+ 40. Nxd7 Rxd7 41. f5 c4 42. Rh5 c3 43. bxc3 bxc3 44. Rh2 Rc7 45. Rc2 Re7+
46. Kd5 Rd7+ 47. Ke4 Bb4 48. a3 1/2-1/2

[Event "ENCI Limburg-open A"]
[Site "Maastricht"]
[Date "2008.05.12"]
[Round "6"]
[White "Floor, Dirk"]
[Black "Goudriaan, Etienne"]
[Result "1-0"]
[WhiteElo "2221"]
[BlackElo "2117"]
[PlyCount "55"]
[EventDate "2008.05.09"]
[EventType "swiss"]
[EventRounds "7"]
[EventCountry "NED"]
[Source "P.Boonen"]
[SourceDate "2010.01.01"]

1. e4 c5 2. Nf3 d6 3. d4 cxd4 4. Nxd4 Nf6 5. Nc3 a6 6. h3 g6 7. g3 Nc6 8. Bg2
Bg7 9. Be3 Ne5 10. O-O O-O 11. a4 Rb8 12. b3 Qc7 13. Nd5 Nxd5 14. exd5 Qc3 15.
a5 Nd7 16. Ra2 Nf6 17. Ne2 Qb4 18. c4 Bd7 19. Nc1 Bf5 20. Bd4 Bh6 21. f4 Nh5
22. Kh2 Rfc8 23. Nd3 Bxd3 24. Qxd3 e5 25. dxe6 fxe6 26. Re2 Nxf4 27. gxf4 Bxf4+
28. Rxf4 1-0

[Event "ENCI Limburg-open A"]
[Site "Maastricht"]
[Date "2008.05.12"]
[Round "6"]
[White "Geboers, Jimmy"]
[Black "Richter, Gera"]
[Result "0-1"]
[WhiteElo "1968"]
[BlackElo "2150"]
[PlyCount "112"]
[EventDate "2008.05.09"]
[EventType "swiss"]
[EventRounds "7"]
[EventCountry "NED"]
[Source "P.Boonen"]
[SourceDate "2010.01.01"]

1. d4 Nf6 2. c4 e6 3. Nf3 b6 4. Nc3 Bb4 5. g3 Ba6 6. Qb3 Bxc3+ 7. Qxc3 Ne4 8.
Qc2 f5 9. Bg2 c6 10. b4 O-O 11. a4 d6 12. Bb2 Nd7 13. b5 cxb5 14. cxb5 Bb7 15.
O-O Rc8 16. Qd3 Qc7 17. Nd2 Ndf6 18. Rac1 Qb8 19. e3 Nxd2 20. Qxd2 Bxg2 21.
Kxg2 Rxc1 22. Rxc1 Rc8 23. Rxc8+ Qxc8 24. Qc3 Qxc3 25. Bxc3 Kf7 26. Kf3 g5 27.
Ke2 g4 28. f3 h5 29. Be1 e5 30. dxe5 dxe5 31. fxg4 hxg4 32. Kf2 Ke6 33. Kg2 Kd5
34. h4 gxh3+ 35. Kxh3 Ng4 36. a5 Nxe3 37. Bf2 f4 38. axb6 axb6 39. g4 e4 40.
Bxe3 fxe3 41. Kg2 Ke5 42. Kf1 Kf4 43. Ke2 Kxg4 44. Kxe3 Kf5 45. Ke2 Ke5 46. Kd2
Kd4 47. Ke2 Kc4 48. Ke3 Kxb5 49. Kxe4 Kc4 50. Ke3 Kc3 51. Ke2 Kc2 52. Ke3 Kc3
53. Ke2 b5 54. Kd1 Kb2 55. Kd2 b4 56. Kd1 b3 0-1

[Event "ENCI Limburg-open A"]
[Site "Maastricht"]
[Date "2008.05.12"]
[Round "6"]
[White "Gijsen, Stief"]
[Black "Vogel, Jaap"]
[Result "0-1"]
[WhiteElo "2079"]
[BlackElo "2254"]
[PlyCount "60"]
[EventDate "2008.05.09"]
[EventType "swiss"]
[EventRounds "7"]
[EventCountry "NED"]
[Source "P.Boonen"]
[SourceDate "2010.01.01"]

1. e4 e6 2. d4 d5 3. Nc3 Bb4 4. e5 b6 5. Qg4 Bf8 6. f4 h5 7. Qd1 Ne7 8. Nf3 Qd7
9. Bd3 Ba6 10. O-O c5 11. a4 Bxd3 12. Qxd3 Nbc6 13. Ne2 Nf5 14. Kh1 Rc8 15. Be3
Nb4 16. Qd2 Nxe3 17. Qxe3 Nxc2 18. Qd3 Nxa1 19. Rxa1 g6 20. Ng5 Be7 21. a5 h4
22. axb6 axb6 23. Nc3 Kf8 24. dxc5 bxc5 25. Nce4 Kg7 26. h3 c4 27. Qd4 Ra8 28.
Rxa8 Rxa8 29. Nf6 Ra1+ 30. Kh2 Qa7 0-1

[Event "ENCI Limburg-open A"]
[Site "Maastricht"]
[Date "2008.05.12"]
[Round "6"]
[White "Goossens, Hanne"]
[Black "Eijk, Yuri"]
[Result "1-0"]
[WhiteElo "1909"]
[BlackElo "2012"]
[PlyCount "63"]
[EventDate "2008.05.09"]
[EventType "swiss"]
[EventRounds "7"]
[EventCountry "NED"]
[Source "P.Boonen"]
[SourceDate "2010.01.01"]

1. e4 c5 2. Nf3 Nc6 3. d4 cxd4 4. Nxd4 g6 5. Nc3 Bg7 6. Be3 Nf6 7. Bc4 O-O 8.
Bb3 a5 9. a4 Ng4 10. Qxg4 Nxd4 11. Qd1 Nxb3 12. cxb3 d6 13. O-O Be6 14. Rb1 Qd7
15. Nd5 Bxd5 16. Qxd5 Rfc8 17. h3 Rc2 18. Rfc1 e6 19. Qd3 Rxc1+ 20. Rxc1 Bxb2
21. Rc2 Be5 22. f4 Bg7 23. Bb6 Rc8 24. Bxa5 Rxc2 25. Qxc2 d5 26. exd5 Bd4+ 27.
Kf1 Qxd5 28. Qc8+ Kg7 29. Bb4 e5 30. Be7 g5 31. f5 Kh6 32. Qg8 1-0

[Event "ENCI Limburg-open A"]
[Site "Maastricht"]
[Date "2008.05.12"]
[Round "6"]
[White "Grandadam, Nicolas"]
[Black "Koenig, Christian"]
[Result "1/2-1/2"]
[WhiteElo "2059"]
[BlackElo "2174"]
[PlyCount "57"]
[EventDate "2008.05.09"]
[EventType "swiss"]
[EventRounds "7"]
[EventCountry "NED"]
[Source "P.Boonen"]
[SourceDate "2010.01.01"]

1. Nf3 b6 2. d4 Bb7 3. g3 c5 4. d5 Nf6 5. c4 b5 6. Bg2 bxc4 7. Ne5 d6 8. Nxc4
g6 9. Nc3 Bg7 10. Rb1 O-O 11. O-O Na6 12. Bg5 h6 13. Bxf6 Bxf6 14. Qd2 Bg7 15.
h4 Nc7 16. f4 Ba6 17. Na5 e6 18. dxe6 fxe6 19. Bxa8 Nxa8 20. Nb3 Qb6 21. Kh2 c4
22. Nc1 Bb7 23. e3 Nc7 24. b3 Qc6 25. Rg1 Qf3 26. N1e2 Qf2+ 27. Kh3 Bxc3 28.
Qxc3 Qxe2 29. Qxc4 1/2-1/2

[Event "ENCI Limburg-open A"]
[Site "Maastricht"]
[Date "2008.05.12"]
[Round "6"]
[White "Haverkamp, Klaus"]
[Black "Bruls, Peter"]
[Result "1/2-1/2"]
[WhiteElo "2018"]
[BlackElo "1801"]
[PlyCount "82"]
[EventDate "2008.05.09"]
[EventType "swiss"]
[EventRounds "7"]
[EventCountry "NED"]
[Source "P.Boonen"]
[SourceDate "2010.01.01"]

1. e4 e6 2. d4 d5 3. Nd2 dxe4 4. Nxe4 Nd7 5. Nf3 Be7 6. Bc4 Ngf6 7. Nxf6+ Bxf6
8. O-O O-O 9. c3 c5 10. Be3 cxd4 11. Bxd4 b6 12. Qe2 Bb7 13. Rad1 Qc7 14. Bb3
Rfd8 15. Bxf6 Nxf6 16. Ne5 Bd5 17. c4 Be4 18. f4 Rxd1 19. Rxd1 Rd8 20. Rxd8+
Qxd8 21. Qd1 Qxd1+ 22. Bxd1 Kf8 23. Kf2 Ke7 24. g3 Nd7 25. Nxd7 Kxd7 26. Ke3
Bg2 27. b4 Kd6 28. Kd4 Bh1 29. Bc2 Bc6 30. g4 h6 31. h4 f6 32. c5+ bxc5+ 33.
bxc5+ Kc7 34. g5 a5 35. a3 Bd7 36. Bd3 Bc6 37. Bc4 Kd7 38. Ba6 Bf3 39. Kc4 Bd5+
40. Kd4 Bf3 41. Bb5+ Kc7 1/2-1/2